[Event "Portugal Open 2020"]
[Site "Lisbon"]
[Date "2020.01.28"]
[Round "5.8"]
[White "Alshameary Puente, Ismael"]
[Black "Ten Hertog, Hugo"]
[Result "0-1"]
[WhiteElo "2385"]
[BlackElo "2503"]
[Annotator "TA"]
[PlyCount "126"]
[EventDate "2020.01.25"]
[EventType "swiss"]
[EventCountry "POR"]
[SourceTitle "playchess.com"]
[Source "ChessBase"]
[SourceQuality "1"]

{[%evp 23,126,100,64,25,38,6,20,-67,-68,-68,-68,-64,-71,-64,-18,-159,-132,-125,-129,-244,-244,-242,-240,-238,-228,-201,-205,-383,-379,-306,-203,-203,-203,-203,-203,-291,-284,-257,-20,-20,-20,-20,-20,-20,-20,-35,-8,-8,-8,-35,-35,-36,-36,-37,-8,-8,-8,-8,-8,-8,-8,-29947,-29953,-29955,-29954,-29951,-29954,-29946,-29957,-29956,-29959,-29960,-29961,-29961,-29961,-29959,-29963,-29959,-29958,-29961,-29960,-29961,-29960,-29966,-29968,-29978,-29979,-29981,-29982,-29983,-29984,-29984,-29985,-29985,-29986,-29986,-29987,-29987,-29988,-29987,-29987,-29988,-29988,-29988,-29988]} 1. d4 d5 2. c4 e6 3. Nc3 c6 4. Nf3 Nf6 5. Bg5 dxc4 6. e4 b5 7. e5 h6 8. Bh4 g5 9. Nxg5 hxg5 10. Bxg5 Be7 11. exf6 Bxf6 12. Bxf6 Qxf6 13. a4 {D44: Semi-Slav: Botvinnik System} Bb7 {[#]} 14. Be2 $146 ({Predecessor:} 14. axb5 Rh4 15. Bxc4 c5 16. b6 Rxd4 17. Bb5+ Ke7 18. Qe2 axb6 19. O-O Qg5 20. g3 Rd2 21. Rxa8 Bxa8 {0-1 (32) Wang,H (2735)-Aronian,L (2803) Beijing 2013}) 14... Rh4 {Threatens to win with ...b4.} 15. Bf3 (15. axb5 $11 Nd7 16. Qd2) 15... Rxd4 $15 16. Qe2 b4 17. Ne4 Qe5 $1 $36 {[%mdl 2048] Black is really pushing.} 18. O-O f5 19. Nc5 (19. Ng5 $1 $11 {keeps the balance.} Qxe2 20. Bxe2) 19... Qxe2 20. Bxe2 Bc8 21. Bf3 (21. a5 $17 {keeps fighting.}) 21... Ke7 $1 $19 22. Rfd1 Rxd1+ $1 23. Rxd1 {[#]} Na6 $1 {[%cal Ra6c5]} 24. Nxa6 Bxa6 25. Bxc6 $2 {[%mdl 4096] Endgame KRB-KRB} (25. h4) 25... Rd8 {[%cal Rd8d1]} 26. Bf3 Rxd1+ 27. Bxd1 {KB-KB} b3 28. f3 {[#]} c3 $1 {[%mdl 512]} 29. Bxb3 (29. bxc3 $142 Bc4 30. a5) 29... cxb2 30. Bc2 f4 $2 (30... Kf6 $19 {And now ...Ke5 would win.} 31. Kf2 e5) 31. Kf2 $11 Kf6 32. Ke1 Bc4 33. Bb1 $1 e5 34. Kd2 Bf1 35. g3 Bg2 (35... Bc4 {seems wilder.} 36. Kc3 Be2 37. gxf4 exf4 38. Kxb2 Bxf3 39. Kc3 Ke5) 36. gxf4 (36. Ke2 {with more complications.} fxg3 37. hxg3 a5 38. f4 e4 39. g4) 36... exf4 37. Kc3 Bxf3 38. Kxb2 a5 {...Bc6 is the strong threat.} 39. Bc2 Ke5 {Hoping for ...Kd4.} 40. Kc3 Bg4 {aiming for ...f3.} 41. Kd2 Kd4 {White must now prevent ...f3.} 42. h4 $2 {[%mdl 8192] [#]} (42. Bd1 $11 Bh3 43. Ke2) 42... f3 $1 {[%cal Rf3f2] Black mates.} 43. Bd3 f2 44. Bf1 Bf3 45. Ba6 Ke4 46. Bf1 Kf4 47. Kc3 Ke3 48. Bh3 Bg4 49. Bf1 Bd1 50. Bg2 Bxa4 51. h5 {[#]} Bc6 $1 {[%mdl 512]} 52. Bf1 (52. Bxc6 f1=Q) 52... Be4 53. h6 Kf4 54. Kb3 Kg5 55. Ka4 Kxh6 56. Kxa5 Kg5 57. Kb4 Kf4 58. Kc3 Ke3 59. Bc4 Bf3 60. Bf1 Be2 61. Bh3 Ba6 62. Kc2 Kf3 63. Kd2 Bb5 {Accuracy: White = 32%, Black = 73%.} 0-1

[Event "Portugal Open 2020"]
[Site "Lisbon"]
[Date "2020.01.28"]
[Round "5.9"]
[White "Spraggett, Kevin"]
[Black "Bayramov, Zaur"]
[Result "1/2-1/2"]
[WhiteElo "2501"]
[BlackElo "2333"]
[Annotator "TA"]
[PlyCount "113"]
[EventDate "2020.01.25"]
[EventType "swiss"]
[EventCountry "POR"]
[SourceTitle "playchess.com"]
[Source "ChessBase"]
[SourceQuality "1"]

{[%evp 22,113,42,40,41,29,40,31,41,59,53,41,39,20,13,13,23,20,33,29,50,0,0,0,31,10,41,27,123,123,125,122,251,256,230,228,380,176,187,63,83,78,56,54,52,47,85,31,91,91,125,129,129,114,189,184,257,113,111,111,135,0,137,126,129,133,135,89,122,131,137,97,104,45,53,53,51,-6,0,-6,-6,-6,-2,-2,-7,-8,-8,-11,0,-39,0,0,0,-37]} 1. d4 Nf6 2. c4 c5 3. d5 e6 4. Nc3 exd5 5. cxd5 d6 6. Nf3 a6 7. a4 g6 8. Nd2 Nbd7 9. e4 Bg7 10. Be2 O-O 11. O-O Re8 12. Ra3 Qc7 {A77: Modern Benoni: Classical: 9...Re8 10 Nd2: 10...a6 and 10...Nbd7} (12... Rb8 13. Re1 Ne5 14. h3 g5 15. Nf1 h6 16. Ng3 Bd7 17. a5 Ng6 18. Qc2 Qe7 19. Bf1 Qe5 20. Bd2 g4 {0-1 (32) Wojtaszek,R (2725)-Ponkratov,P (2632) Moscow 2019}) 13. Re1 Rb8 14. a5 {[#]} b5 $146 {White is slightly better.} ({Predecessor:} 14... Ne5 15. h3 c4 16. f4 Nd3 17. Bxd3 cxd3 18. Qf3 b5 19. axb6 Qxb6+ 20. Kh1 Qd4 {½-½ (30) Hetey,L (2345)-Dgebuadze,A (2558) Altenkirchen 2012}) 15. axb6 $1 Rxb6 16. Qc2 Rb4 17. Nc4 Nb6 18. b3 {[%cal Bb2b3,Bb3c4][%mdl 32]} Nxc4 19. bxc4 Qb8 20. h3 Nd7 21. Nd1 Bd4 22. Bd2 Rb6 23. Bc3 Ne5 24. Kh2 f5 (24... Rb4 $11) 25. f4 $16 Nf7 26. Bd3 {[%cal Re4f5]} fxe4 (26... Bxc3 $16 27. Qxc3 (27. Nxc3 Rb2 $14) 27... fxe4) 27. Bxe4 $18 Bxc3 28. Rxc3 ({Weaker is} 28. Qxc3 Bd7 $16) 28... Bd7 $2 {[#]} (28... Rb7 {is a better defense.} 29. Ree3 Nh8) 29. Rce3 (29. Bxg6 $142 $1 {[%mdl 512]} Rxe1 (29... hxg6 30. Rxe8+) 30. Bxf7+ {[%mdl 64] Overworked Piece} Kxf7 31. Qxh7+ Ke8 32. Qg8+ Ke7 33. Qg3) 29... Qd8 {[#]} 30. Qc3 ({White should play} 30. f5 $1 $18) 30... Rb8 31. Rg3 Kf8 32. Nf2 Qh4 33. Rf3 Kg8 34. Qa1 (34. Ra1 $16) 34... a5 ({Better is} 34... Rb4 $14) 35. Qxa5 $16 Re7 36. Bd3 Rxe1 37. Qxe1 Re8 (37... Rb2 $16 {keeps fighting.} 38. Kg1 Qf6) 38. Qa1 $18 Kf8 (38... Rf8 {was necessary.}) 39. g3 (39. Ne4 $18 {and the rest is easy.}) 39... Qe7 $16 40. Kg2 Qe1 41. Qf6 (41. Qxe1 $16 Rxe1 42. Bf1) 41... Re3 (41... Ra8 $1 $11 {keeps the balance.}) 42. Rxe3 Qxe3 {[#]} 43. Qb2 $1 Ke7 44. Qb7 Kd8 45. Qb8+ Ke7 46. Qa7 Ke8 47. Bb1 ({White should try} 47. Qa3 $16) 47... g5 $1 $14 {[%cal Rg5f4]} 48. f5 Ne5 {And now ...Qf3+ would win.} 49. Be4 (49. Qb8+ $1 $14 Kf7 50. Be4 (50. Qxd6 Qf3+ 51. Kf1 Qxg3 $16) 50... Bxf5 {[%mdl 64] Decoy} 51. Bxf5 Qf3+ 52. Kg1 Qxf5 53. Qxd6) 49... Bxf5 $1 $11 50. Qb8+ Ke7 51. Bxf5 {Hoping for Qc7+.} Qf3+ {[%mdl 64] Double Attack} 52. Kg1 Qxf5 53. Qb7+ Nd7 54. Kg2 Qc2 55. Qb5 Ne5 {...Nd3 is the strong threat.} 56. Qb7+ Nd7 57. Qb5 {Accuracy: White = 44%, Black = 38%.} 1/2-1/2

[Event "Portugal Open 2020"]
[Site "Lisbon"]
[Date "2020.01.28"]
[Round "5.10"]
[White "Veiga, Jose Francisco R P N"]
[Black "Grigoryan, Karen H."]
[Result "0-1"]
[WhiteElo "2312"]
[BlackElo "2632"]
[Annotator "TA"]
[PlyCount "92"]
[EventDate "2020.01.25"]
[EventType "swiss"]
[EventCountry "POR"]
[SourceTitle "playchess.com"]
[Source "ChessBase"]
[SourceQuality "1"]

{[%evp 20,92,41,42,31,38,46,52,64,32,64,20,56,0,0,0,0,0,4,-7,30,28,22,-14,60,23,25,0,28,-73,-77,-63,-16,-28,-34,-26,-38,-123,-121,-129,-133,-135,-130,-191,-181,-190,-189,-182,-172,-462,-450,-459,-442,-454,-418,-443,-460,-439,-444,-519,-525,-541,-541,-536,-522,-610,-600,-568,-484,-669,-668,-773,-758,-765,-756]} 1. e4 c5 2. Nf3 Nc6 3. d4 cxd4 4. Nxd4 Qb6 5. Nb3 Nf6 6. Nc3 e6 7. Bd3 Be7 8. Be3 Qc7 9. f4 d6 10. Qf3 a6 11. O-O-O Nb4 {B33: Sicilian: Pelikan and Sveshnikov Variations} 12. g4 b5 {[%cal Bb7b5,Bb5b4][%mdl 32]} 13. Kb1 Bb7 {White is slightly better.} 14. g5 Nd7 15. Rhf1 (15. a3 $5 {[%cal Ra3b4]} Nxd3 16. Rxd3 $11) (15. Rhg1 O-O 16. Rg3 Nxd3 17. cxd3 f5 18. gxf6 Bxf6 19. Qg4 Rae8 20. Rc1 Qd8 21. Rh3 {0-1 (54) Yu,Y (2739)-Korobov,A (2687) Hengshui 2019}) 15... Rc8 16. Bd4 (16. f5 $14 Ne5 17. Qe2) 16... Nxd3 $146 ({Predecessor:} 16... O-O 17. f5 exf5 18. Qxf5 Ne5 19. Bxe5 dxe5 20. Bxb5 {0-1 (42) Papadopoulos,A (2019)-Petrov,M (2438) Rethymno 2014}) 17. cxd3 ({Reject} 17. Rxd3 b4 $17) 17... b4 18. Ne2 {Black must now prevent Rc1.} O-O $1 19. Rc1 Qb8 20. Rxc8 Qxc8 21. Ng3 Bd8 (21... Qd8 $11) 22. Rc1 (22. Qh5 $5 {[%cal Rf4f5]}) 22... Qa8 23. Qg4 Bc6 24. Rf1 (24. f5 $11 {keeps the balance.}) 24... Bb5 $17 25. Nc1 e5 26. fxe5 Nxe5 27. Bxe5 dxe5 28. Nh5 (28. Nf5 $1 $15 Qc6 29. Qg3) 28... Kh8 29. Qe6 Bxg5 30. Qxe5 {[%csl Gh5][%cal Re5g7]} Bh6 31. Rf6 {[#]} (31. Qd6 $17) 31... Re8 $1 $19 {[%cal Re8e5]} 32. Qd4 {[#] Rxh6 is the strong threat.} Qd8 $1 $40 {[%cal Rd8d4][%mdl 128] Black wants a kill.} 33. Qxd8 Rxd8 34. Rxh6 $2 (34. Rf3 {was necessary.}) 34... gxh6 {[%mdl 4096] Endgame KRB-KNN} 35. Kc2 Rg8 36. Nf4 Rg4 37. Nce2 Rh4 {Black is clearly winning.} 38. h3 Bd7 39. d4 Bb5 40. d5 Kg8 41. e5 Kf8 42. Kd2 Bxe2 43. Nxe2 Re4 44. Kd3 Rxe5 45. Nf4 Ke7 46. Kd4 Kd6 {Accuracy: White = 33%, Black = 76%.} 0-1

[Event "Portugal Open 2020"]
[Site "Lisbon"]
[Date "2020.01.28"]
[Round "5.11"]
[White "Gahan M G"]
[Black "Arizmendi Martinez, Julen Luis"]
[Result "0-1"]
[WhiteElo "2245"]
[BlackElo "2505"]
[Annotator "TA"]
[PlyCount "116"]
[EventDate "2020.01.25"]
[EventType "swiss"]
[EventCountry "POR"]
[SourceTitle "playchess.com"]
[Source "ChessBase"]
[SourceQuality "1"]

{[%evp 14,116,0,0,18,7,20,0,15,0,14,-23,-12,-14,-22,-15,-14,-24,0,-41,-39,-64,-64,-60,-40,-31,-31,-31,-37,-41,-45,-40,-46,-58,-59,-81,-67,-79,-70,-64,-58,-107,-100,-110,-108,-120,-33,-49,-7,-8,-7,-8,-8,-7,-7,-27,0,0,0,-40,-31,-68,-77,-127,-127,-311,-315,-255,-255,-315,-311,-433,-431,-379,-382,-484,-456,-483,0,-385,0,-482,-477,-466,-443,-398,-274,-309,-270,-406,-406,-545,-513,-885,-859,-1461,-1214,-903,-795,-1878,-1927,-2220,-2171,-1922,-1789]} 1. e4 e6 2. d4 d5 3. Bd3 c5 4. exd5 exd5 5. dxc5 Bxc5 6. Nf3 Nf6 7. O-O O-O 8. Nc3 h6 {C01: French: Exchange Variation} (8... Nc6 9. Bg5 Be6 10. Qd2 Re8 11. Rfe1 h6 12. Bh4 d4 13. Bxf6 Qxf6 14. Ne4 Qe7 15. a3 Bb6 16. Re2 a5 17. Ng3 a4 {½-½ (70) Bauer,C (2644)-Ernst,S (2541) Maastricht 2018}) 9. Bf4 Bg4 10. h3 Bh5 {The position is equal.} 11. g4 Bg6 12. Ne5 Bxd3 13. Qxd3 Nc6 14. Rad1 {[%cal Rc3d5]} Re8 15. Qb5 $146 ({Predecessor:} 15. Nf3 Nb4 16. Qb5 {½-½ (25) Brinovec,D (2193)-Naumkin,I (2421) Maribor 2015}) 15... Qb6 (15... Bd4 {keeps more tension.} 16. Nxc6 bxc6 17. Qd3 c5 18. Rfe1 Qa5) 16. Qxb6 (16. Nd3 {seems wilder.} d4 17. Qxc5 Qxc5 18. Nxc5 dxc3 19. bxc3 b6 20. Nd7) 16... axb6 17. Nxc6 bxc6 18. a3 $1 d4 19. Nb1 Nd5 20. Bg3 Re2 21. b4 Bf8 22. Rxd4 Rxc2 23. Rd3 b5 24. Rfd1 g5 25. R1d2 Rc4 26. Kg2 Bg7 27. Kf3 Kh7 28. Rd1 Kg6 29. Bd6 Nc3 (29... h5 $17 30. Nd2 Rc3) 30. Nxc3 $15 Rxc3 (30... Bxc3 {with more complications.} 31. Re3 Bd4 32. Rb3 f6 33. Kg2 h5) 31. Rxc3 Bxc3 {[%mdl 4096] Endgame KRB-KRB} 32. Bc5 Rxa3 {[#] Threatens to win with ...Bxb4+.} 33. Rd6+ f6 34. Kg2 Rb3 35. Rd3 Ra3 ({Wrong is} 35... Bxb4 $2 36. Rxb3 Bxc5 37. Rc3 $18) 36. Rd7 h5 37. gxh5+ Kxh5 38. Rc7 Ra6 39. h4 $2 (39. Rc8 $17) 39... Kxh4 $19 ({Not} 39... gxh4 40. Rh7+ Kg5 41. Rg7+ Kf5 42. Rh7 $17) 40. Kf3 {[%cal Rc7h7] [#]} Kh5 41. Ke4 {Kf5 would kill now.} Kg6 42. Bf8 {Strongly threatening Rg7+.} f5+ 43. Kd3 Be5 44. Re7 Bf6 45. Rc7 Be5 46. Re7 Bf6 47. Rc7 $1 Ra3+ 48. Ke2 Ra2+ 49. Ke1 Ra6 50. Ke2 g4 51. Bd6 (51. Bc5 $142) 51... Bd4 52. Bg3 Ra2+ {Black is clearly winning.} 53. Kd3 (53. Ke1 $142 Kg5 54. Rc8) 53... Bxf2 54. Rxc6+ Kg5 55. Be5 g3 56. Rc7 Kg4 57. Rg7+ Kf3 58. Rg5 f4 {Accuracy: White = 27%, Black = 72%.} 0-1

[Event "Portugal Open 2020"]
[Site "Lisbon"]
[Date "2020.01.28"]
[Round "5.12"]
[White "Balbuena Fuentes, Mario"]
[Black "Martin Duque, Jesus"]
[Result "1/2-1/2"]
[WhiteElo "2234"]
[BlackElo "2447"]
[Annotator "TA"]
[PlyCount "213"]
[EventDate "2020.01.25"]
[EventType "swiss"]
[EventCountry "POR"]
[SourceTitle "playchess.com"]
[Source "ChessBase"]
[SourceQuality "1"]

{[%evp 13,213,15,38,19,28,37,43,35,56,18,12,18,19,14,71,79,83,33,30,25,67,41,80,82,83,65,87,85,137,136,131,150,483,467,565,592,572,552,536,79,85,104,118,0,315,0,0,-176,533,486,496,533,510,514,472,339,308,51,56,0,0,0,0,0,0,0,0,0,0,0,49,0,0,0,0,0,0,0,0,0,0,0,0,0,8,6,35,0,20,0,0,-55,-55,-56,-56,-56,-56,-56,-56,-63,-56,-70,0,-63,-63,-63,-56,-56,-56,-56,-56,-55,-55,-55,0,-55,-55,-56,-56,-56,-56,-56,-55,-56,-56,-63,-63,-63,-56,-56,-56,-56,-56,-63,-49,-56,-56,-55,-55,-49,-48,-62,-48,-48,-48,-48,-8,-8,0,-48,-48,-48,-48,-48,-8,-7,0,0,0,0,0,0,0,0,0,0,0,0,0,0,0,0,0,0,0,0,0,0,0,0,0,0,0,0,0,0,0,0,0,0,0,0,0,0,0,0,0,0,0,0,0,0]} 1. e4 c5 2. Nf3 e6 3. d4 cxd4 4. Nxd4 Nc6 5. Nc3 Qc7 6. g3 a6 7. Bg2 h5 8. h3 {B47: Sicilian: Taimanov: 5 Nc3 Qc7 6 f4, 6 g3 and 6 Be2} h4 9. g4 Nge7 10. Nde2 {White is slightly better.} Ng6 11. O-O Bc5 12. Kh1 b5 13. f4 b4 (13... Bb7 $11 {remains equal.}) 14. Na4 $16 Ba7 15. f5 $146 ({Predecessor:} 15. a3 a5 16. axb4 axb4 {1-0 (41) Qashashvili,A (2370)-Mchedlishvili,M (2655) Tbilisi 2014}) 15... Nge5 16. Bf4 Bb7 17. c3 Qa5 18. Rc1 bxc3 19. Rxc3 Rc8 20. a3 Ba8 (20... Qb5 $142) 21. b4 Qb5 22. Nc5 d6 $2 {[#]} (22... O-O $16) 23. Nxe6 $1 $18 {[%mdl 512]} fxe6 24. Qxd6 Nc4 25. Qxe6+ {[%mdl 64] Double Attack} Ne7 {aiming for ...Rc6.} 26. f6 $2 (26. Rd1 $18 Qb6 27. Rd6) 26... gxf6 $16 27. Qxf6 Rf8 28. Qg7 (28. Qe6 $2 Rc6 $19) (28. Qxh4 $16 Qb6 29. Qh5+ Qg6 30. Rfc1 Qxh5 31. gxh5) 28... Rd8 $2 {[%mdl 8192]} (28... Qc6 $1 $11) 29. Rfc1 $2 (29. Rcc1 $18 Rf7 30. Qh8+ Rf8 31. Qxh4) 29... Rxf4 $11 30. Rxc4 $2 (30. Nxf4 $11 Bd4 31. Qh6 Bxc3 32. Ne6 (32. Rxc3 Rd1+ 33. Kh2 Qb6 $11)) 30... Qxc4 $4 {[%mdl 8192]} (30... Rf7 $19 31. Qh8+ Rf8) 31. Rxc4 $18 Rd1+ 32. Kh2 Bb8 33. e5 Rxc4 34. Qh8+ Kd7 35. Qxb8 $2 ({Only move:} 35. Bxa8 $18 Rd2 36. Bf3 (36. Qxb8 Rxe2+ 37. Bg2 Rcc2 $15)) 35... Bxg2 $14 36. e6+ (36. Kxg2 $14 Rc2 37. Qa7+ Ke8 38. Qa8+ (38. Qxa6 Nc6 $14) 38... Rd8 39. Qxa6) 36... Kxe6 $11 37. Nf4+ Rxf4 38. Qxf4 Bd5 {[%csl Gd5][%cal Rd1h1]} (38... Bc6 $5 39. Qh6+ $8 Kd7 40. Qxh4 Rh1+ 41. Kg3 Ra1 $11) 39. Qh6+ Kd7 {[%csl Gd5][%cal Rd1h1]} 40. Qxh4 Rd2+ 41. Kg1 Ra2 42. Qf6 Rxa3 43. Kh2 Nc6 44. g5 Be6 45. Qg7+ Kd6 46. Qf8+ Kd7 47. Qg7+ Ne7 48. Qd4+ Nd5 $132 {[%mdl 2048] Black is not keeping still} 49. h4 Kd6 50. g6 Rb3 51. Qc5+ Ke5 52. Qa5 (52. Qc1 $1 $11) 52... Rxb4 $15 53. Qxa6 Rxh4+ 54. Kg3 Rg4+ 55. Kf3 Rxg6 56. Qb7 Rf6+ 57. Kg3 Rg6+ 58. Kf3 $1 Bg4+ 59. Kf2 Bf5 60. Qb2+ Ke6 61. Qe2+ Kd6 62. Qa6+ Ke5 63. Qa1+ Kd6 (63... Ke6 $15 64. Qa6+ Kf7 65. Qb7+ Ne7) 64. Qa3+ (64. Qa6+ $1 $11 Ke5 65. Qa1+ Ke6 66. Qa6+ Ke5) 64... Ke6 65. Qa6+ Kf7 $1 66. Qb7+ Ne7 67. Ke3 Re6+ 68. Kf2 Be4 69. Qc7 Bc6 70. Qh2 Ng6 71. Qc7+ Kf6 72. Qd8+ Kf5 73. Qd3+ Be4 74. Qh3+ Kf6 75. Qc3+ Ne5 76. Ke3 Kf5 77. Qc5 Re8 78. Qc7 Rh8 79. Kd4 Nf3+ 80. Ke3 {And now Qf7+ would win.} Ne5 81. Kd4 {[#]} Rd8+ $1 {[%mdl 512]} 82. Kc3 (82. Qxd8 Nc6+) 82... Rd3+ 83. Kb4 Rd7 84. Qc8 {The position is equal.} Kf4 {...Rd4+ is the strong threat.} 85. Qc1+ Kf3 86. Qh1+ Ke3 87. Qg1+ Kf4 88. Qc1+ Kf5 (88... Kg3 $5 89. Qe3+ $8 {[%mdl 64] Double Attack} Nf3 90. Qxe4 Rd4+ 91. Qxd4 Nxd4 $11) 89. Qc8 Bd5 90. Qc2+ Ke6 91. Qc8 $1 Ke7 92. Qc5+ Kf7 93. Qf2+ Bf3 94. Qe3 Ke6 95. Qh6+ Kd5 {Strongly threatening ...Rb7+.} 96. Qd2+ Ke4 97. Qe1+ Kf5 98. Qe3 Rb7+ 99. Kc3 Rc7+ 100. Kb4 Rc4+ 101. Kb3 Bd5 {( -> ...Re4+)} 102. Qh3+ Rg4+ 103. Kc3 Kf6 {White must now prevent ...Bf7.} 104. Qh8+ Kf5 105. Qh3 Kf4 {Threatens to win with ...Bc6.} 106. Qh6+ Kf5 {Hoping for ...Rc4+.} (106... Kg3 $5 107. Qd6 $8 $14 {[%mdl 64] Double Attack}) 107. Qh3 {Accuracy: White = 57%, Black = 55%.} 1/2-1/2

[Event "Portugal Open 2020"]
[Site "Lisbon"]
[Date "2020.01.28"]
[Round "5.13"]
[White "Rodriguez Lopez, Rafael"]
[Black "Campora, Daniel H."]
[Result "0-1"]
[WhiteElo "2212"]
[BlackElo "2420"]
[Annotator "TA"]
[PlyCount "124"]
[EventDate "2020.01.25"]
[EventType "swiss"]
[EventCountry "POR"]
[SourceTitle "playchess.com"]
[Source "ChessBase"]
[SourceQuality "1"]

{[%evp 13,124,19,33,35,36,26,39,41,65,70,76,67,44,38,37,20,41,36,40,32,30,30,70,81,85,66,129,8,10,-16,0,0,0,-12,-14,-18,0,0,0,0,0,0,0,-29,-17,-41,-25,-240,26,-33,-31,-33,-35,-105,-81,-85,-93,-79,-16,-18,-16,-16,-16,-16,-16,-94,-77,-307,-290,-219,-220,-220,-208,-2190,-2311,-2812,-2399,-2248,-1379,-29960,-29959,-29949,-29950,-7408,-5704,-5072,-4399,-29959,-1758,-29968,-29969,-29962,-29970,-29970,-29969,-29968,-29971,-29971,-29971,-29971,-29972,-29972,-29971,-29973,-29973,-29970,-29973,-29987,-29988,-29988,-29989,-29989,-29990]} 1. e4 c6 2. d4 d5 3. e5 Bf5 4. Nf3 e6 5. Be2 Nd7 6. O-O Ne7 7. Nbd2 c5 8. c4 {B12: Caro-Kann: Advance Variation} (8. c3 Nc6 9. Nb3 c4 10. Nbd2 b5 11. Re1 b4 12. Nf1 Be7 13. Ng3 Bg6 14. Be3 O-O 15. h4 Bxh4 16. Nxh4 Qxh4 17. cxb4 Nxb4 {1-0 (35) Vachier Lagrave,M (2789)-Mamedyarov,S (2808) Paris 2018}) 8... Nc6 9. cxd5 exd5 10. dxc5 {White is slightly better.} Be7 11. Nb3 $146 ({Predecessor:} 11. Bb5 Nxc5 12. Nd4 Bd7 13. Bxc6 bxc6 14. N2b3 O-O 15. Be3 Nxb3 16. Nxb3 {1-0 (42) Harikrishnan,A (2272)-Sambarta,B (1714) Port Blair 2017}) 11... Ndxe5 12. Nxe5 Nxe5 13. Qd4 Bf6 $1 {...Nf3+! is the strong threat.} 14. Bb5+ Kf8 15. Qf4 Be4 16. Bd2 a6 17. Be2 Nc6 18. Bc3 $1 Bg5 19. Qg3 h6 (19... h5 $14) 20. Bxg7+ (20. Rad1 $16) 20... Kxg7 $11 21. h4 {[%mdl 64] Pin} Bg6 22. hxg5 hxg5 23. Rad1 Rh4 24. f4 {Threatens to win with f5.} gxf4 25. Rxf4 Rxf4 26. Qxf4 Qe7 27. Bf3 Rd8 28. Kf2 Ne5 29. Qd4 Qf6 {White must now prevent ...Bh5.} 30. Kg3 $2 (30. Kg1 $11) 30... Nxf3 $2 (30... Qg5+ $1 $19 31. Kf2 Rh8) 31. Qxf6+ ({White should try} 31. gxf3 $11 Bc2 32. Rh1) 31... Kxf6 $15 32. gxf3 $19 {[%mdl 4096] Endgame KRB-KRN} Bc2 33. Rd2 (33. Rd4 $15) 33... Bxb3 $1 $17 34. axb3 {KR-KR} Ke5 35. Kf2 d4 (35... Rd7 $17) 36. Re2+ $1 $11 Kd5 37. Re7 Kxc5 {Hoping for ...b5.} 38. Rxb7 f6 39. Re7 (39. Ke1 $11) 39... Rb8 $17 40. Re6 $2 (40. Rf7 $17) 40... Rb6 $1 $19 {[%cal Rb6e6]} ({Weaker is} 40... Rxb3 41. Rxf6 Rxb2+ 42. Ke1 $17) 41. b4+ {[#]} Kb5 $1 ({Don't play} 41... Rxb4 42. Rxf6 Rxb2+ 43. Ke1) 42. Re4 Kc4 ({Don't take} 42... Kxb4 43. Rxd4+ Kb3 44. Ke2 $17) 43. Ke2 $2 (43. Rf4) 43... Rxb4 44. Re6 Rxb2+ 45. Ke1 a5 46. Rxf6 Kd3 47. Ra6 Re2+ 48. Kd1 Ra2 {[%cal Ra2a1]} 49. Kc1 Ke3 50. Kb1 Ra4 (50... Rf2 $142 51. Re6+ Kd2 52. Ra6 Rxf3 53. Rxa5 Rb3+ 54. Ka2 Kc2 55. Rg5 d3 56. Rg2+ Kc3 57. Rg1 d2 58. Rg3+ Kc2 59. Rxb3 d1=Q 60. Rb5 Kc3 61. Rc5+ Kb4 62. Rc8 Qd5+ 63. Kb2 Qe5+ 64. Kc1 Kb3 65. Kd2 Qd6+ 66. Ke3 Qe6+ 67. Kf4 Qxc8 68. Ke5 Qg4 69. Kd5 Qf5+ 70. Kc6 Qe6+ 71. Kc7 Kc4 72. Kb8 Qf7 73. Kc8 Kc5 74. Kd8 Kd6 75. Kc8 Qc7#) 51. Re6+ Kd2 {Black mates.} 52. f4 d3 53. f5 Rb4+ 54. Ka2 Rf4 55. f6 Kc2 {[%cal Rf4a4]} 56. Rc6+ {[#]} Kd1 $1 57. Kb3 d2 58. Kc3 Rf3+ 59. Kb2 a4 60. Re6 Rb3+ 61. Ka2 Kc2 62. Rc6+ Rc3 {Accuracy: White = 38%, Black = 60%.} 0-1